Jonathan Groff Filmography - Statistics

General Stats
  • This quiz has been taken 6 times
  • The average score is 2 of 15
Answer Stats
Hint Answer % Correct
2020 Hamilton
100%
2013 Frozen
60%
2019 Frozen II
60%
2010 Twelve Thirty
20%
2014 American Sniper
0%
2018 Blindspotting
0%
2013 C.O.G.
0%
2016 Looking
0%
TBD Molly and the Moon
0%
2008 Pretty/ Handsome
0%
2009 Taking Woodstock
0%
2014 The Boxtrolls
0%
2010 The Conspirator
0%
2021 The Matrix: Revolutions
0%
2014 The Normal Heart
0%
No matching quizzes found
Score Distribution
Percent of People with Each Score
Percentile by Number Answered
Your Score History
You have not taken this quiz